[Event "Agzamov Memorial 17th"]
[Site "Tashkent"]
[Date "2024.03.30"]
[Round "5"]
[White "Tillyaev, Ulugbek"]
[Black "Atabayev, Saparmyrat"]
[Result "0-1"]
[WhiteElo "2263"]
[BlackElo "2506"]
[PlyCount "94"]
[EventDate "2024.03.27"]
[EventType "swiss"]
[EventRounds "10"]
[EventCountry "UZB"]
[SourceTitle "CB14_2024"]
[SourceDate "2024.04.01"]
[SourceVersion "1"]
[SourceVersionDate "2024.04.01"]
[SourceQuality "1"]

1. e4 c5 2. Nf3 d6 3. d4 cxd4 4. Nxd4 Nf6 5. Nc3 a6 6. Be3 e5 7. Nb3 Be7 8. f3 Be6 9. Qd2 h5 10. 0-0-0 Nbd7 11. Kb1 Rc8 12. g3 b5 13. Qf2 Rxc3 14. bxc3 Qc7 15. h3 d5 16. Bd3 dxe4 17. fxe4 a5 18. Bc1 a4 19. Nd2 Qxc3 20. Bb2 Qa5 21. Qe2 Bb4 22. Bxb5 0-0 23. a3 Bxd2 24. Rxd2 Nc5 25. c4 Nfxe4 26. Rc2 f6 27. g4 h4 28. Rg1 Bf7 29. Qe3 Rd8 30. g5 Rd3 31. Qc1 Nb3 32. Qe1 Ned2+ 33. Rxd2 Nxd2+ 34. Ka1 Nb3+ 35. Kb1 Qxe1+ 36. Rxe1 Rxh3 37. gxf6 gxf6 38. Bxa4 Nd2+ 39. Ka1 Nxc4 40. Bc1 Be6 41. Bc6 Nxa3 42. Rg1+ Kf7 43. Be4 Nc4 44. Bg6+ Ke7 45. Be4 Rg3 46. Rxg3 hxg3 47. Kb1 Bf5 0-1

[Event "Titled Tuesday intern op 21st Mar Early"]
[Site "Chess.com INT"]
[Date "2023.03.21"]
[Round "7"]
[White "Ahmadzada, Ahmad Samir"]
[Black "Tillyaev, Ulugbek"]
[Result "1-0"]
[WhiteElo "2487"]
[BlackElo "2287"]
[PlyCount "91"]
[EventDate "2023.03.21"]
[EventType "swiss (blitz)"]
[EventRounds "11"]
[EventCountry "USA"]
[SourceTitle "EXT 2024"]
[Source "ChessBase"]
[SourceDate "2023.10.10"]
[SourceVersion "1"]
[SourceVersionDate "2023.10.10"]
[SourceQuality "1"]

1. b4 e6 2. Bb2 Nf6 3. a3 d5 4. e3 Be7 5. Nf3 0-0 6. c4 a5 7. b5 Nbd7 8. Nc3 c6 9. cxd5 cxd5 10. Be2 e5 11. 0-0 e4 12. Nd4 Ne5 13. d3 exd3 14. Bxd3 Bg4 15. Be2 Rc8 16. Bxg4 Nexg4 17. Nf5 Re8 18. Ne2 Qc7 19. Nf4 Rcd8 20. Rc1 Qd7 21. Qd3 Bf8 22. b6 Ne5 23. Bxe5 Rxe5 24. Nd4 Qd6 25. a4 Qxb6 26. Nb5 g6 27. g3 Re4 28. Nc3 Re5 29. Rfd1 Bc5 30. Rb1 Qc6 31. Rb5 b6 32. Nce2 Rd7 33. Rdb1 g5 34. Nd4 Qd6 35. Nfe2 Ne4 36. Nc3 Qf6 37. R1b2 Rd6 38. Nb3 Ba3 39. Rc2 Bb4 40. Na2 Be1 41. f4 gxf4 42. exf4 Rh5 43. Qe2 Bxg3 44. Qxh5 Bxf4 45. Rg2+ Kf8 46. Qe2 1-0

[Event "Titled Tuesday intern op 21st Mar Early"]
[Site "Chess.com INT"]
[Date "2023.03.21"]
[Round "9"]
[White "Averjanov, Alexey"]
[Black "Tillyaev, Ulugbek"]
[Result "1-0"]
[WhiteElo "2399"]
[BlackElo "2287"]
[PlyCount "39"]
[EventDate "2023.03.21"]
[EventType "swiss (blitz)"]
[EventRounds "11"]
[EventCountry "USA"]
[SourceTitle "EXT 2024"]
[Source "ChessBase"]
[SourceDate "2023.10.10"]
[SourceVersion "1"]
[SourceVersionDate "2023.10.10"]
[SourceQuality "1"]

1. d4 Nf6 2. c4 e6 3. Nf3 b6 4. g3 Ba6 5. Nbd2 Bb4 6. Qc2 c6 7. Bg2 d5 8. 0-0 0-0 9. b3 Nbd7 10. e4 dxe4 11. Nxe4 Be7 12. Bb2 Qc7 13. Rad1 Rad8 14. Ne5 Bb7 15. Ng5 h6 16. Nexf7 hxg5 17. Nxg5 Qd6 18. Bh3 Rfe8 19. Bxe6+ Kf8 20. Qh7 1-0

[Event "Titled Tuesday intern op 21st Mar Early"]
[Site "Chess.com INT"]
[Date "2023.03.21"]
[Round "4"]
[White "Carlsen, Magnus"]
[Black "Tillyaev, Ulugbek"]
[Result "0-1"]
[WhiteElo "2852"]
[BlackElo "2287"]
[PlyCount "138"]
[EventDate "2023.03.21"]
[EventType "swiss (blitz)"]
[EventRounds "11"]
[EventCountry "USA"]
[SourceTitle "EXT 2024"]
[Source "ChessBase"]
[SourceDate "2023.10.10"]
[SourceVersion "1"]
[SourceVersionDate "2023.10.10"]
[SourceQuality "1"]

1. b3 e5 2. Bb2 Nc6 3. e3 Nf6 4. Nf3 e4 5. Nd4 Nxd4 6. Bxd4 d5 7. c4 c6 8. Nc3 a6 9. cxd5 cxd5 10. f3 Be7 11. Be2 0-0 12. 0-0 exf3 13. Bxf3 Be6 14. Qe1 Rc8 15. Qg3 Kh8 16. Ne2 Bd6 17. Nf4 Rc2 18. Bd1 Rxd2 19. Bc3 Rd3 20. Bxf6 gxf6 21. Bc2 Rd2 22. Bxh7 Kxh7 23. Qh4+ Kg8 24. Qe1 Rc2 25. Qg3+ Kh7 26. Rf3 Re8 27. Qh4+ Kg8 28. Qh6 Bg4 29. Rg3 f5 30. h3 Bf8 31. Qh5 Bg7 32. hxg4 Bxa1 33. gxf5+ Kf8 34. Qh7 Qf6 35. Nxd5 Rc1+ 36. Kh2 Qh8 37. Qxh8+ Bxh8 38. Rg4 Be5+ 39. g3 Rd8 40. e4 Rc2+ 41. Kh3 Rxa2 42. Rg5 Rb2 43. f6 Rxd5 44. exd5 Bxf6 45. Rf5 Be7 46. Rf3 Rd2 47. Rc3 Rxd5 48. Rc8+ Kg7 49. Rc7 Bd6 50. Rxb7 Rd3 51. Kg4 Rxg3+ 52. Kf5 Rc3 53. Rb6 Bc5 54. Rc6 a5 55. Ke4 Bb4 56. Ra6 Rxb3 57. Kf5 Rc3 58. Ra7 Rc5+ 59. Ke4 Rh5 60. Kf4 Kg6 61. Ra6+ f6 62. Ra8 Rh4+ 63. Kg3 Rd4 64. Kf3 Kf5 65. Rb8 Rd3+ 66. Ke2 Rc3 67. Rh8 a4 68. Rh5+ Ke6 69. Ra5 Bxa5 0-1

[Event "Titled Tuesday intern op 21st Mar Early"]
[Site "Chess.com INT"]
[Date "2023.03.21"]
[Round "6"]
[White "Tillyaev, Ulugbek"]
[Black "Chigaev, Maksim"]
[Result "0-1"]
[WhiteElo "2287"]
[BlackElo "2632"]
[PlyCount "84"]
[EventDate "2023.03.21"]
[EventType "swiss (blitz)"]
[EventRounds "11"]
[EventCountry "USA"]
[SourceTitle "EXT 2024"]
[Source "ChessBase"]
[SourceDate "2023.10.10"]
[SourceVersion "1"]
[SourceVersionDate "2023.10.10"]
[SourceQuality "1"]

1. e4 c5 2. d4 cxd4 3. c3 d3 4. c4 Nc6 5. Nc3 g6 6. Bxd3 Bg7 7. Nf3 d6 8. h3 Nf6 9. 0-0 0-0 10. Be3 b6 11. Qd2 Bb7 12. Rac1 Nd7 13. b3 Rc8 14. Bb1 Re8 15. Rfe1 Nc5 16. Bh6 Ne5 17. Nxe5 dxe5 18. Qxd8 Rexd8 19. Bg5 Kf8 20. Rcd1 Ne6 21. Be3 Nd4 22. Nd5 e6 23. Nb4 a5 24. Nd3 a4 25. Nc1 axb3 26. axb3 Ke7 27. Bxd4 Rxd4 28. Rxd4 exd4 29. Nd3 Ra8 30. f4 h6 31. Kf2 g5 32. g3 gxf4 33. gxf4 Bf6 34. Rd1 Ra3 35. Bc2 Bxe4 36. Ke2 Bg6 37. Kd2 Bf5 38. Re1 Bh4 39. Rh1 h5 40. Rh2 Bg3 41. Rg2 h4 42. Rg1 Bxh3 0-1

[Event "Titled Tuesday intern op 21st Mar Early"]
[Site "Chess.com INT"]
[Date "2023.03.21"]
[Round "2"]
[White "Tillyaev, Ulugbek"]
[Black "Ibarra Jerez, Jose Carlos"]
[Result "1-0"]
[WhiteElo "2287"]
[BlackElo "2563"]
[PlyCount "37"]
[EventDate "2023.03.21"]
[EventType "swiss (blitz)"]
[EventRounds "11"]
[EventCountry "USA"]
[SourceTitle "EXT 2024"]
[Source "ChessBase"]
[SourceDate "2023.10.10"]
[SourceVersion "1"]
[SourceVersionDate "2023.10.10"]
[SourceQuality "1"]

1. e4 c5 2. d4 cxd4 3. c3 Nf6 4. e5 Nd5 5. Qxd4 e6 6. Nf3 Nc6 7. Qg4 Qc7 8. Qg3 Nde7 9. Bd3 Ng6 10. Bxg6 hxg6 11. 0-0 b6 12. Nbd2 Ba6 13. Re1 Be7 14. Ne4 Rh5 15. Bg5 Bxg5 16. Nd6+ Kf8 17. Nxg5 Nxe5 18. Ndxf7 Rxg5 19. Nxg5 1-0

[Event "Titled Tuesday intern op 07th Feb Early"]
[Site "Chess.com INT"]
[Date "2023.02.07"]
[Round "9"]
[White "Tillyaev, Ulugbek"]
[Black "Aarav, Dengla"]
[Result "1-0"]
[WhiteElo "2287"]
[BlackElo "2359"]
[PlyCount "179"]
[EventDate "2023.02.07"]
[EventType "swiss (blitz)"]
[EventRounds "11"]
[EventCountry "USA"]
[SourceTitle "EXT 2024"]
[Source "ChessBase"]
[SourceDate "2023.10.10"]
[SourceVersion "1"]
[SourceVersionDate "2023.10.10"]
[SourceQuality "1"]

1. e4 c5 2. d4 cxd4 3. c3 Nf6 4. e5 Nd5 5. Qxd4 e6 6. Nf3 Nc6 7. Qg4 h5 8. Qg3 Qc7 9. Nbd2 h4 10. Qg5 b6 11. Nc4 Bb7 12. Nxh4 b5 13. Nd6+ Bxd6 14. exd6 Qxd6 15. Bxb5 a6 16. Be2 Nce7 17. Nf3 f6 18. Qd2 Qc7 19. c4 Nb6 20. Qa5 Rc8 21. b3 Nf5 22. Bb2 Qd6 23. Rd1 Qc7 24. h3 Nh4 25. Nxh4 Rxh4 26. 0-0 Kf7 27. Bd4 Na8 28. Qxc7 Nxc7 29. Bb6 Ke7 30. Bc5+ Kd8 31. Bf8 Ne8 32. Rd2 Rh8 33. Bb4 Bc6 34. Rfd1 Rb8 35. Ba5+ Ke7 36. Bf3 Rb7 37. Bxc6 dxc6 38. Rd8 Rf8 39. Rc8 Kf7 40. Rdd8 g5 41. Rxc6 Ng7 42. Rxf8+ Kxf8 43. Rxa6 Rd7 44. Bb4+ Kf7 45. Rd6 Rb7 46. Bc3 Nf5 47. Rd2 Ra7 48. a4 e5 49. a5 Ke6 50. b4 Nd6 51. b5 Nxc4 52. Ra2 Nd6 53. Rb2 Nc4 54. Ra2 Nd6 55. b6 Ra6 56. Bb4 Nb7 57. Kf1 Kd5 58. Ke2 Kc4 59. Be7 f5 60. Bxg5 Kb3 61. Ra1 Kb2 62. Ra4 Kb3 63. Ra1 Kb2 64. Rd1 Nxa5 65. Rd5 Nc4 66. Rb5+ Kc3 67. b7 Ra2+ 68. Kf3 e4+ 69. Kg3 Nd6 70. b8Q Nxb5 71. Qxb5 Ra3 72. Qxf5 Kb2+ 73. Kh2 Ra4 74. Bf6+ Ka2 75. h4 e3 76. fxe3 Rb4 77. Qc2+ Ka3 78. Qc3+ Ka4 79. Qxb4+ Kxb4 80. h5 Kb3 81. h6 Kc2 82. h7 Kd1 83. h8Q Ke1 84. Qd8 Ke2 85. e4 Ke3 86. e5 Ke2 87. e6 Ke1 88. e7 Kf2 89. Bh4+ Ke3 90. e8Q+ 1-0

[Event "Titled Tuesday intern op 07th Feb Early"]
[Site "Chess.com INT"]
[Date "2023.02.07"]
[Round "8"]
[White "Tymrakiewicz, Rafal"]
[Black "Tillyaev, Ulugbek"]
[Result "0-1"]
[WhiteElo "2157"]
[BlackElo "2287"]
[PlyCount "106"]
[EventDate "2023.02.07"]
[EventType "swiss (blitz)"]
[EventRounds "11"]
[EventCountry "USA"]
[SourceTitle "EXT 2024"]
[Source "ChessBase"]
[SourceDate "2023.10.10"]
[SourceVersion "1"]
[SourceVersionDate "2023.10.10"]
[SourceQuality "1"]

1. d4 e6 2. Nf3 b6 3. e4 Bb7 4. Bd3 Nf6 5. Nbd2 d5 6. e5 Nfd7 7. Qe2 c5 8. c3 Be7 9. a3 a6 10. b4 Qc7 11. 0-0 Nc6 12. Re1 g5 13. h3 h5 14. g4 hxg4 15. hxg4 c4 16. Bc2 0-0-0 17. Nf1 Rdg8 18. Ng3 Kb8 19. a4 Nf8 20. Kg2 Ng6 21. Bxg6 Rxg6 22. Rh1 Rxh1 23. Nxh1 f5 24. Ng3 fxg4 25. Nh2 Bxb4 26. Bd2 Be7 27. Nxg4 Rg8 28. f3 Bd8 29. Nh5 Rh8 30. Nhf6 Ne7 31. Rh1 Rxh1 32. Kxh1 Nf5 33. Kg1 b5 34. axb5 axb5 35. Bxg5 Qg7 36. Be3 Bb6 37. Bf2 b4 38. Qb2 b3 39. Qa3 Qe7 40. Qb2 Ba5 41. Be1 Qc7 42. Kf2 Qc6 43. Ne3 Nxe3 44. Kxe3 Qa4 45. Bd2 Qa2 46. Bc1 Ka7 47. Nd7 Bc8 48. Nc5 Bb6 49. Qxa2+ bxa2 50. Bb2 Kb8 51. Na4 Ba7 52. Nc5 Kc7 53. f4 Kc6 0-1

[Event "Titled Tuesday intern op 10th Jan Early"]
[Site "Chess.com INT"]
[Date "2023.01.10"]
[Round "2"]
[White "Bortnyk, Olexandr"]
[Black "Tillyaev, Ulugbek"]
[Result "1-0"]
[WhiteElo "2604"]
[BlackElo "2295"]
[PlyCount "133"]
[EventDate "2023.01.10"]
[EventType "swiss (blitz)"]
[EventRounds "11"]
[EventCountry "USA"]
[SourceTitle "EXT 2024"]
[Source "ChessBase"]
[SourceDate "2023.10.10"]
[SourceVersion "1"]
[SourceVersionDate "2023.10.10"]
[SourceQuality "1"]

1. e4 c5 2. c3 Nf6 3. e5 Nd5 4. d4 cxd4 5. Nf3 Nc6 6. cxd4 d6 7. Bc4 e6 8. 0-0 Be7 9. Qe2 0-0 10. Rd1 Na5 11. Bd3 Nb4 12. exd6 Qxd6 13. Be4 f5 14. Bd3 Nxd3 15. Qxd3 b6 16. Nc3 Bb7 17. Ne5 Rac8 18. Bf4 Qb4 19. Rab1 Bf6 20. Nd7 Rf7 21. Nxf6+ Rxf6 22. Be5 Rg6 23. f3 Nc4 24. a3 Nxe5 25. axb4 Nxd3 26. Rxd3 Rc4 27. b5 Rb4 28. Kf2 Rh6 29. Rd2 Rh4 30. Ra1 Rhxd4 31. Rxd4 Rxd4 32. Rxa7 Bd5 33. Ra6 Rb4 34. Rxb6 Rxb2+ 35. Kg3 Kf7 36. h4 h6 37. h5 Bc4 38. Kf4 Kf6 39. Rc6 Rb4 40. Ke3 Kg5 41. b6 f4+ 42. Kf2 Kxh5 43. Rc7 g5 44. Rc6 Bd5 45. Rd6 Rb2+ 46. Kg1 Bc4 47. Ne4 Bd5 48. Nf6+ Kh4 49. Nxd5 Kg3 50. Nc3 Rxg2+ 51. Kf1 Rf2+ 52. Ke1 Rb2 53. Rxe6 Kxf3 54. Rxh6 g4 55. Na4 Rb1+ 56. Kd2 g3 57. Nc3 g2 58. Nxb1 g1Q 59. Nc3 Qe3+ 60. Kc2 Qf2+ 61. Kb3 Qf1 62. b7 Qd3 63. b8Q Qd4 64. Qb7+ Kf2 65. Rh2+ Kf1 66. Qg2+ Ke1 67. Qe2# 1-0

[Event "Titled Tuesday intern op 20th Sep Early"]
[Site "Chess.com INT"]
[Date "2022.09.20"]
[Round "3"]
[White "Baches Garcia, Guillermo"]
[Black "Tillyaev, Ulugbek"]
[Result "0-1"]
[WhiteElo "2326"]
[BlackElo "2313"]
[PlyCount "82"]
[EventDate "2022.09.20"]
[EventType "swiss (blitz)"]
[EventRounds "11"]
[EventCountry "USA"]
[SourceTitle "EXT 2023"]
[Source "ChessBase"]
[SourceDate "2022.10.05"]
[SourceVersion "1"]
[SourceVersionDate "2022.10.05"]
[SourceQuality "1"]

1. e4 c5 2. Nf3 g6 3. d4 cxd4 4. Nxd4 Bg7 5. c4 Nc6 6. Be3 Nf6 7. Nc3 Ng4 8. Qxg4 Nxd4 9. Qd1 Ne6 10. Qd2 d6 11. Rc1 Qa5 12. b3 Bd7 13. f3 Bc6 14. Be2 g5 15. Nd5 Qxd2+ 16. Kxd2 a5 17. h4 h6 18. hxg5 hxg5 19. Rxh8+ Bxh8 20. Rh1 Bg7 21. g3 Kf8 22. Rh5 f6 23. Bf1 Nc5 24. Rh1 g4 25. Be2 gxf3 26. Bxf3 Kf7 27. Bh5+ Kf8 28. Bf3 Rd8 29. Ke2 e6 30. Bxc5 dxc5 31. Nf4 Bd7 32. Rd1 Ke7 33. Bg4 f5 34. exf5 exf5 35. Bxf5 Bxf5 36. Nd5+ Ke6 37. Nc7+ Ke7 38. Nd5+ Kf7 39. Rf1 Ke6 40. Nc7+ Ke5 41. Nd5 Be6 0-1

[Event "Titled Tuesday intern op 20th Sep Late"]
[Site "Chess.com INT"]
[Date "2022.09.20"]
[Round "2"]
[White "Tillyaev, Ulugbek"]
[Black "Muradli, Mahammad"]
[Result "0-1"]
[WhiteElo "2313"]
[BlackElo "2555"]
[PlyCount "90"]
[EventDate "2022.09.20"]
[EventType "swiss (blitz)"]
[EventRounds "11"]
[EventCountry "USA"]
[SourceTitle "EXT 2023"]
[Source "ChessBase"]
[SourceDate "2022.10.05"]
[SourceVersion "1"]
[SourceVersionDate "2022.10.05"]
[SourceQuality "1"]

1. e4 c5 2. d4 cxd4 3. c3 d3 4. c4 Nc6 5. Bxd3 g6 6. Nc3 Bg7 7. Nf3 d6 8. h3 Nf6 9. 0-0 0-0 10. Bg5 Nd7 11. Qd2 Nde5 12. Nxe5 dxe5 13. Rad1 Be6 14. Nd5 Rc8 15. b3 Re8 16. Bb1 Nd4 17. f4 Bxd5 18. exd5 Qb6 19. Kh1 exf4 20. Bxf4 e5 21. dxe6 Rxe6 22. Qf2 Rce8 23. Bh2 R6e7 24. Bg1 Ne2 25. Qxb6 Ng3+ 26. Kh2 Nxf1+ 27. Rxf1 axb6 28. Bxb6 Re1 29. Bd3 Rxf1 30. Bxf1 Re1 31. Bd3 Be5+ 32. g3 Rd1 33. Be4 Rd2+ 34. Kg1 Rxa2 35. Bxb7 Rb2 36. Bd5 Rxb3 37. c5 Rxg3+ 38. Kf1 Rxh3 39. c6 Rc3 40. Ke2 h5 41. Kd2 h4 42. Bc7 Rc5 43. Bxe5 Rxd5+ 44. Kc3 Rxe5 45. Kd4 Re6 0-1

[Event "Titled Tuesday intern op 19th Apr Early"]
[Site "Chess.com INT"]
[Date "2022.04.19"]
[Round "2"]
[White "Skuhala, Barbara"]
[Black "Tillyaev, Ulugbek"]
[Result "0-1"]
[WhiteElo "2056"]
[BlackElo "2334"]
[PlyCount "68"]
[EventDate "2022.04.19"]
[EventType "swiss (blitz)"]
[EventRounds "11"]
[EventCountry "USA"]
[SourceTitle "EXT 2023"]
[Source "ChessBase"]
[SourceDate "2022.10.05"]
[SourceVersion "1"]
[SourceVersionDate "2022.10.05"]
[SourceQuality "1"]

1. e4 g6 2. d4 Bg7 3. Nc3 c5 4. Nf3 cxd4 5. Nxd4 Nc6 6. Be3 Nf6 7. Qd2 Ng4 8. Nxc6 bxc6 9. Bd4 Nf6 10. 0-0-0 0-0 11. f3 d6 12. g4 Rb8 13. Bc4 Qa5 14. Bb3 Be6 15. Kb1 c5 16. Bxf6 exf6 17. Nd5 Qd8 18. c4 a5 19. h4 f5 20. Nc3 fxg4 21. h5 gxf3 22. hxg6 fxg6 23. Qh2 h5 24. Rxd6 Qf6 25. Nd5 Qf7 26. e5 Bf5+ 27. Ka1 Qa7 28. Ne3 a4 29. Bd1 Qe7 30. Nxf5 Rxf5 31. Rd5 Rxe5 32. Bxa4 Rb4 33. Bb3 Re1+ 34. Rd1 Re2 0-1

[Event "Titled Tuesday intern op 12th Apr Late"]
[Site "Chess.com INT"]
[Date "2022.04.12"]
[Round "5"]
[White "Svane, Frederik"]
[Black "Tillyaev, Ulugbek"]
[Result "1-0"]
[WhiteElo "2501"]
[BlackElo "2334"]
[PlyCount "93"]
[EventDate "2022.04.12"]
[EventType "swiss (blitz)"]
[EventRounds "11"]
[EventCountry "USA"]
[SourceTitle "CBM 207 Extra"]
[Source "ChessBase"]
[SourceDate "2022.05.31"]
[SourceVersion "1"]
[SourceVersionDate "2022.05.31"]
[SourceQuality "1"]

1. e4 c5 2. Nf3 Nc6 3. Bb5 g6 4. 0-0 Bg7 5. Re1 Nf6 6. e5 Nd5 7. Nc3 Nc7 8. Bxc6 dxc6 9. Ne4 b6 10. h3 0-0 11. d3 Bf5 12. a4 c4 13. Ng3 cxd3 14. Nxf5 gxf5 15. cxd3 Qd5 16. d4 Rad8 17. Bg5 Rfe8 18. Qc2 Ne6 19. Qxf5 Nxd4 20. Nxd4 Qxd4 21. e6 f6 22. Be3 Qd5 23. Qg4 f5 24. Qg3 Kh8 25. Bg5 Rd6 26. Rad1 Qxd1 27. Rxd1 Rxd1+ 28. Kh2 Rd6 29. Qe3 Bxb2 30. a5 Bd4 31. Qf4 c5 32. Qxf5 Bg7 33. Qf7 Rf8 34. Qxe7 Rd5 35. Be3 c4 36. a6 c3 37. Qxa7 c2 38. Qxb6 Be5+ 39. f4 Rxf4 40. g3 Re4 41. e7 Bxg3+ 42. Kxg3 Rxe7 43. Qb2+ Kg8 44. Bf4 Re2 45. Qb3 c1Q 46. Qxd5+ Kg7 47. Bxc1 1-0

[Event "Titled Tuesday intern op 12th Apr Late"]
[Site "Chess.com INT"]
[Date "2022.04.12"]
[Round "7"]
[White "Swicarz, Maciej"]
[Black "Tillyaev, Ulugbek"]
[Result "1/2-1/2"]
[WhiteElo "2335"]
[BlackElo "2334"]
[PlyCount "93"]
[EventDate "2022.04.12"]
[EventType "swiss (blitz)"]
[EventRounds "11"]
[EventCountry "USA"]
[SourceTitle "CBM 207 Extra"]
[Source "ChessBase"]
[SourceDate "2022.05.31"]
[SourceVersion "1"]
[SourceVersionDate "2022.05.31"]
[SourceQuality "1"]

1. e4 Nf6 2. e5 Nd5 3. c4 Nb6 4. d4 d6 5. exd6 exd6 6. Nc3 Be7 7. Be2 0-0 8. Be3 Nc6 9. b3 Bf6 10. Rc1 Re8 11. Nf3 Bg4 12. 0-0 d5 13. c5 Nc8 14. h3 Bh5 15. a3 h6 16. b4 a6 17. Rb1 N8e7 18. a4 Nf5 19. g4 Nxe3 20. fxe3 Bg6 21. Qd2 Bxb1 22. Rxb1 Bg5 23. Nd1 Qe7 24. Rb3 Rf8 25. Kg2 f5 26. b5 axb5 27. axb5 fxg4 28. Nxg5 Na5 29. Ra3 Qxg5 30. Rxa5 gxh3+ 31. Kxh3 Rxa5 32. Qxa5 Qf5+ 33. Kg3 Qg6+ 34. Kh2 Qc2 35. Qe1 Ra8 36. Kg3 Ra2 37. Nc3 Ra3 38. Nxd5 Qg6+ 39. Kh2 Qe4 40. Bc4 Qc2+ 41. Qe2 Qc1 42. Nf4+ Kh8 43. Ng6+ Kh7 44. Nf8+ Kh8 45. Ng6+ Kh7 46. Nf8+ Kh8 47. Ng6+ 1/2-1/2

[Event "Titled Tuesday intern op 12th Apr Late"]
[Site "Chess.com INT"]
[Date "2022.04.12"]
[Round "4"]
[White "Tillyaev, Ulugbek"]
[Black "Narayanan, Sunilduth Lyna"]
[Result "1-0"]
[WhiteElo "2334"]
[BlackElo "2662"]
[PlyCount "47"]
[EventDate "2022.04.12"]
[EventType "swiss (blitz)"]
[EventRounds "11"]
[EventCountry "USA"]
[SourceTitle "CBM 207 Extra"]
[Source "ChessBase"]
[SourceDate "2022.05.31"]
[SourceVersion "1"]
[SourceVersionDate "2022.05.31"]
[SourceQuality "1"]

1. e4 g6 2. d4 Bg7 3. Nc3 c6 4. f4 d5 5. e5 Nh6 6. Nf3 Bg4 7. Be3 f6 8. h3 Bxf3 9. Qxf3 0-0 10. Qe2 Nd7 11. 0-0-0 b5 12. g4 Nb6 13. Kb1 Nc4 14. Bc1 Qa5 15. Qd3 fxe5 16. fxe5 e6 17. Be2 b4 18. Ne4 Nxb2 19. Bxb2 dxe4 20. Qxe4 Kh8 21. Bc4 Nf7 22. h4 c5 23. h5 g5 24. Bd3 1-0

[Event "Titled Tuesday intern op 23rd Nov"]
[Site "Chess.com INT"]
[Date "2021.11.23"]
[Round "6"]
[White "Vidit, Santosh Gujrathi"]
[Black "Tillyaev, Ulugbek"]
[Result "1/2-1/2"]
[WhiteElo "2727"]
[BlackElo "2325"]
[PlyCount "76"]
[EventDate "2021.11.23"]
[EventType "swiss (blitz)"]
[EventRounds "11"]
[EventCountry "USA"]
[SourceTitle "CBM 205 Extra"]
[Source "ChessBase"]
[SourceDate "2022.01.31"]
[SourceVersion "1"]
[SourceVersionDate "2022.01.31"]
[SourceQuality "1"]

1. d4 Nf6 2. c4 e5 3. dxe5 Ng4 4. Bf4 Nc6 5. Nf3 Bb4+ 6. Nbd2 Qe7 7. a3 Ngxe5 8. Nxe5 Nxe5 9. e3 Bxd2+ 10. Qxd2 d6 11. Be2 0-0 12. 0-0 b6 13. b4 Bb7 14. Rac1 Rfd8 15. Qc3 Nd7 16. Rfd1 a5 17. h3 axb4 18. axb4 Ra2 19. Bf1 Rda8 20. Ra1 h6 21. Rxa2 Rxa2 22. Ra1 Rxa1 23. Qxa1 g5 24. Bg3 Qd8 25. Be2 Qa8 26. Qb1 Be4 27. Qf1 Qa3 28. Qe1 Bd3 29. b5 Nc5 30. h4 Qb3 31. hxg5 hxg5 32. Bf3 Bxc4 33. Qa1 Qxb5 34. Qf6 Qb1+ 35. Kh2 Qh7+ 36. Kg1 Qb1+ 37. Kh2 Qh7+ 38. Kg1 Qb1+ 1/2-1/2

[Event "Titled Tuesday intern op 16th Nov"]
[Site "Chess.com INT"]
[Date "2021.11.16"]
[Round "7"]
[White "Kryakvin, Dmitry"]
[Black "Tillyaev, Ulugbek"]
[Result "1/2-1/2"]
[WhiteElo "2570"]
[BlackElo "2325"]
[PlyCount "110"]
[EventDate "2021.11.16"]
[EventType "swiss (blitz)"]
[EventRounds "11"]
[EventCountry "USA"]
[SourceTitle "CBM 205 Extra"]
[Source "ChessBase"]
[SourceDate "2022.01.31"]
[SourceVersion "1"]
[SourceVersionDate "2022.01.31"]
[SourceQuality "1"]

1. Nf3 Nf6 2. c4 g6 3. g3 Bg7 4. Bg2 0-0 5. 0-0 d6 6. Nc3 c6 7. d3 e5 8. Rb1 a5 9. a3 Bf5 10. b4 axb4 11. axb4 Qc8 12. b5 Bh3 13. bxc6 bxc6 14. Bd2 Bxg2 15. Kxg2 Re8 16. Qb3 Nbd7 17. Qb7 Qxb7 18. Rxb7 Nc5 19. Rb6 Rac8 20. Be3 e4 21. dxe4 Nfd7 22. Bxc5 Nxb6 23. Bxb6 Bxc3 24. Rc1 Bf6 25. Nd2 Rb8 26. Be3 Rb2 27. c5 dxc5 28. Rxc5 Re6 29. Kf3 h5 30. h4 Rb5 31. Rc1 Be7 32. Ra1 Bc5 33. Ra8+ Kg7 34. Bf4 Bd4 35. Nc4 Rc5 36. Ne3 Be5 37. Bg5 Rc3 38. Rc8 c5 39. Kg2 f6 40. Bf4 Bxf4 41. gxf4 Rxe4 42. Rc7+ Kf8 43. Nd5 Rc2 44. e3 Re6 45. f5 gxf5 46. Kf3 c4 47. Nf4 Rd6 48. Nxh5 Rdd2 49. Nxf6 Rxf2+ 50. Kg3 Rf1 51. Rd7 Re2 52. Nh7+ Kg8 53. Nf6+ Kf8 54. Nh7+ Ke8 55. Nf6+ Kf8 1/2-1/2

[Event "Tashkent President op 1st"]
[Site "Tashkent"]
[Date "2021.11.13"]
[Round "3"]
[White "Vokhidov, Shamsiddin"]
[Black "Tillyaev, Ulugbek"]
[Result "1-0"]
[WhiteElo "2521"]
[BlackElo "2325"]
[PlyCount "67"]
[EventDate "2021.11.12"]
[EventType "swiss"]
[EventRounds "10"]
[EventCountry "UZB"]
[SourceTitle "CBM 205 Extra"]
[Source "ChessBase"]
[SourceDate "2022.01.31"]
[SourceVersion "1"]
[SourceVersionDate "2022.01.31"]
[SourceQuality "1"]

1. e4 c5 2. Nf3 e6 3. d4 cxd4 4. Nxd4 Nf6 5. Nc3 Nc6 6. Be2 Qc7 7. 0-0 a6 8. Be3 b5 9. Nxc6 dxc6 10. f4 e5 11. fxe5 Qxe5 12. Bf4 Qc5+ 13. Kh1 Be7 14. e5 Nd5 15. Nxd5 cxd5 16. Bd3 h5 17. Qf3 Bg4 18. Qg3 g6 19. a4 b4 20. h3 Be6 21. Bg5 Kd7 22. Bxe7 Qxe7 23. Rf6 Rhc8 24. Raf1 Rc6 25. R1f4 Rac8 26. Qe1 Rb8 27. Qf2 Qc5 28. Rxf7+ Bxf7 29. Rxf7+ Kd8 30. Rf8+ Kc7 31. Qf7+ Kb6 32. Rxb8+ Ka5 33. Rd8 Kxa4 34. Qf1 1-0